000 00644nam a2200193 i 4500
001 171287
003 ES-MaACL
005 20250808062759.0
008 090508s1966 sp |||| | spa d
017 _aM 5652-1966
100 0 _aCabodevilla, José María.
_933240
245 1 0 _aCarta de la caridad
_b: fechada en Roma, Vaticano II /
_cpor José María Cabodevilla.
260 _aMadrid :
_b[La Editorial Católica],
_c1966.
300 _a487 p. ;
_c20 cm.
490 1 _aBiblioteca de autores cristianos ;
_v254
830 0 0 _aBiblioteca de autores cristianos
_v254
_9178679
852 _aES-MaACL
_jJ-249
_9R.46092
999 _c171287
_d171287